000
00191 a2200097 4500
001
2481
100
_a
smith, C
245
_a
New book of flight
260
_a
_b
Oxford
_c
090
_c
1794
_d
1794
942
_a
NUST-CAE
_c
M
_c
8824
999
_c
237554
_d
237554